Jumping Around Geography #4 - Statistics

General Stats
  • This quiz has been taken 43 times
  • The average score is 17 of 26
Answer Stats
# Hint Answer % Correct
I Country whose capital is Tehran Iran
97%
C (e.g. Asia, Africa, etc...) Continent
95%
J Country in the middle East Jordan
95%
S Most spoken language in Latin America Spanish
95%
E Only African country to never be formally colonized Ethiopia
92%
M Country with the most speakers of S Mexico
89%
A Turkey's smallest border Armenia
86%
K Biggest mountain in Africa Kilimanjaro
84%
P Language spoken in I Persian
84%
Z Country with a $100,000,000,000,000 bill Zimbabwe
84%
D E's bordering country Djibouti
81%
G A's bordering country Georgia
81%
O Smallest C Oceania
78%
N Smallest country of O Nauru
76%
H Capital of Z Harare
73%
U Bordering country of M United States
68%
V Country smaller than N Vatican City
62%
W Capital of U Washington D.C
62%
T Capital of G Tbilisi
57%
Y Capital of A Yerevan
51%
F P in P Farsi
43%
L Region that J is part of Levant
41%
X Ancient king of I Xerxes
30%
R Look at B for an answer Republic of the Congo
22%
B Capital of country R Brazzaville
19%
Q Direction Muslims face when praying Qibla
5%
No matching quizzes found
Score Distribution
Percent of People with Each Score
Percentile by Number Answered
Your Score History
You have not taken this quiz